Ángel Palerm y la institucionalización de la antropología social en México (Record no. 167904)

MARC details
000 -CABECERA
campo de control de longitud fija 00559nab a2200193 a 4500
005 - FECHA Y HORA DE LA ÚLTIMA TRANSACCIÓN
campo de control 20210219162005.0
008 - ELEMENTOS DE LONGITUD FIJA--INFORMACIÓN GENERAL
campo de control de longitud fija 991125s1985 mx 000 0 spa u
035 ## - NÚMERO DE CONTROL DEL SISTEMA
Número de control de sistema UPN01000195803
100 1# - ASIENTO PRINCIPAL--NOMBRE PERSONAL
Nombre de persona Vázquez León, Luis
222 ## - TÍTULO CLAVE
Título clave ALTERIDADES
245 ## - MENCIÓN DE TÍTULO
Título Ángel Palerm y la institucionalización de la antropología social en México
260 ## - PUBLICACIÓN, DISTRIBUCIÓN, ETC.
Lugar de publicación, distribución, etc. México
300 ## - DESCRIPCIÓN FÍSICA
Extensión 167-184
362 0# - FECHAS DE PUBLICACIÓN Y/O DESIGNACIÓN SECUENCIAL
Fecha de publicación y/o designación secuencial 1998 Año 8, no. 15
653 0# - TERMINO DE INDIZACION - NO CONTROLADO
Término no controlado ANTROPOLOGIA SOCIAL
653 0# - TERMINO DE INDIZACION - NO CONTROLADO
Término no controlado IDENTIDAD PROFESIONAL
653 0# - TERMINO DE INDIZACION - NO CONTROLADO
Término no controlado PALERM VICH, ANGEL, 1917-1980
905 ## - TIPO DE MATERIAL
Tipo de material Articulo

No items available.